New transportation systems : 7 reports prepared for the 53rd annual meeting of the Highway Research Board.

Bibliographic Details
Corporate Authors: National Research Council (U.S.). Highway Research Board, National Research Council (U.S.). Transportation Research Board
Format: Book
Language:English
Published: Washington : Transportation Research Board, National Research Council, 1974.
Series:Transportation research record ; 522.
Subjects:

MARC

Tag First Indicator Second Indicator Subfields
LEADER 00000pam a2200000 i 4500
001 in00000099792
005 20150924160458.0
008 750305s1974 dcua b 10010 eng
010 |a  75006798  
020 |a 030902367X 
035 |a (OCoLC)01256876 
035 |9 AAL0414AM 
040 |a DLC  |c DLC  |d TXA  |d UtOrBLW 
049 |a TXAM  |c [1081095] 
050 0 0 |a TE7  |b .H5 no. 522 
082 0 |a 380.5/08 s  |a 388.4 
110 2 |a National Research Council (U.S.).  |b Highway Research Board. 
245 1 0 |a New transportation systems :  |b 7 reports prepared for the 53rd annual meeting of the Highway Research Board. 
264 1 |a Washington :  |b Transportation Research Board, National Research Council,  |c 1974. 
300 |a iv, 76 pages :  |b illustrations ;  |c 25 cm. 
336 |a text  |b txt  |2 rdacontent 
337 |a unmediated  |b n  |2 rdamedia 
338 |a volume  |b nc  |2 rdacarrier 
490 1 |a Transportation research record ;  |v 522 
504 |a Includes bibliographical references. 
650 0 |a Local transit  |v Congresses. 
650 0 |a Personal rapid transit  |x Congresses. 
710 2 |a National Research Council (U.S.).  |b Transportation Research Board. 
830 0 |a Transportation research record ;  |v 522. 
999 |a MARS 
999 f f |s ad816551-0473-342d-b185-d44a9b1cbe41  |i 447d42bf-046e-3c27-bd64-1a83ab0c8447  |t 0 
952 f f |p ric  |a Texas A&M University  |b Rellis Campus  |c Joint Library Facility  |d Remote Storage  |t 0  |e TE7 .H5 no.522  |h Library of Congress classification  |i unmediated -- volume  |m A14805377849 
998 f f |a TE7 .H5 no.522  |t 0  |l Remote Storage